000 00511nam a2200169Ia 4500
008 090711s9999 xx 000 0 und d
082 _b17362
100 _aठाकरे केशव सी.
245 _aरायगड
260 _b"निर्णयसागर मुद्रणालय,"
_c1951
300 _a60
600 _aठाकरे केशव सी.
630 _aरायगड
700 _aठाकरे केशव सी.
730 _aरायगड
942 _cBOOK
999 _c295412
_d295412